00723nam a2200193Ia 4500008004100000020002000041082002000061100002400081245006300105260003100168300001300199365002800212366000800240505002000248530000900268620012600277630006300403730006300466100315s9999 xx 000 0 und d a81-86314-59-8  b3110 a658.3  a"Ghanekar, Anjali " aHuman Resources Management: Managing Personnel The HRD Way aPune bEverest  c1997  a381p.   eRupees d1 b150.00  f0  gTushar Jadhav  b-   a"HRM/Personnel Management, Personnel Department, Human Resource Planning, Recruitment & Selection, Placement Induction " aHuman Resources Management: Managing Personnel The HRD Way aHuman Resources Management: Managing Personnel The HRD Way